nforme sobre las rentas de la catedral de Puebla que rinde Juan de Achótegui Olaso

Detalles Bibliográficos
Formato: Libro
Publicado: Puebla de los Ángeles, 1656
Materias:
Colección:Banco de datos
Acervo:Biblioteca Palafoxiana. Colección de Manuscritos
Descripción Física:3 f. ; 31 x 21 cm.
Tema general:Eclesiástica
LEADER 00406nam a22001330004500
035 |a 3357 
245 1 0 |a nforme sobre las rentas de la catedral de Puebla que rinde Juan de Achótegui Olaso 
260 |a Puebla de los Ángeles, 1656 
300 |a 3 f. ; 31 x 21 cm. 
650 1 0 |a Eclesiástica 
949 |a R481/021 
942 |c PALAMANU 
943 |g Biblioteca Palafoxiana. Colección de Manuscritos 
999 |c 1071302  |d 1071302